00835nam a2200265 a 4500001001300000003000900013005001700022008004100039020001000080082001400090100001600104245002600120260002500146300000900171500003500180505001000215650001600225700001600241902000800257942000700265952009400272952009400366952009400460999001500554nice12345678IN_TiNIC20260116011447.0050524s1913 cala grp 000 0 eng  ac10000a239bTAK1 aTakle, John aFaith of the Crescent aCalcuttabYMCAc1913 a188p aincludes index and biblioraphy2 aindex aApologetics1 aTakle, John bSRS cBK 00104070aHMIbHMId2016-04-19g100.00l0o239 TAK1p1366r0000-00-00w2026-01-16yARB 00104070aHMIbHMId2016-04-19g100.00l0o239 TAK1p1516r0000-00-00w2026-01-16yARB 00104070aHMIbHMId2016-04-19g100.00l0o239 TAK1p5937r0000-00-00w2026-01-16yARB c1734d1734